| 000 | 00414cam a2200145ua 4500 | ||
|---|---|---|---|
| 020 | _a13:978-81-315-0320-1 | ||
| 082 |
_a004 _bSTA/PR |
||
| 100 |
_aStair,Ralph . _91373 |
||
| 100 |
_aReynolds , George . _91374 |
||
| 245 | _aPrinciples of Information Systems:Manegerial Approach / | ||
| 250 | _a1 st | ||
| 260 |
_aNew Delhi : _bCengage Learning India Pvt. Ltd. , _c2008. |
||
| 300 |
_a664 ; _e`. |
||
| 942 | _cBK | ||
| 999 |
_c13044 _d13044 |
||